| 000 | 00730cab a2200241 4500 | ||
|---|---|---|---|
| 001 | ABS52903 | ||
| 008 | 090401t1995 xxu||||| |||| 00| 0 eng d | ||
| 035 | _a(Sirsi) u778 | ||
| 041 | _aeng | ||
| 100 | _aWaterson, G. | ||
| 245 | _a`Whither privity of contract?` | ||
| 260 | _c1995 | ||
| 350 | _a0 | ||
| 490 |
_aProperty Management _v13(2) 1995, 36-39(4) |
||
| 520 | _aDiscusses the recent Law Commission examination of the state of the law relating to privity of contract in the context of landlord and tenant. | ||
| 650 | _aCOMMERCIAL LEASES | ||
| 650 | _aLAW COMMISSION | ||
| 650 | _aLEASES | ||
| 650 | _aPRIVITY OF CONTRACT | ||
| 690 | _aLANDLORD AND TENANT-BUSINESS TENANCIES | ||
| 942 | _n0 | ||
| 948 | _c04/03/1997 | ||
| 999 |
_c417 _d417 |
||